| 000 | 02682nam a22003137a 4500 | ||
|---|---|---|---|
| 005 | 20101206113148.0 | ||
| 010 | _aHIN-91537 B-444023-027 | ||
| 020 |
_c1680.00 _a9788184840759 |
||
| 035 | _aHN-63883 | ||
| 035 | _aB-444023-027 | ||
| 037 | _bDBAD/PUB | ||
| 037 | _bएलाईड पब्लिशर्स/ | ||
| 082 | _a820.355 | ||
| 245 |
_aअम्बेडकर- चिंतन / _cजीवितेश कुमार सिंह एवं सुशीला कुमारी द्वारा संपादित |
||
| 246 |
_aAmbedkar Chintan _bEd by Jeevitesh Kumar Singh |
||
| 260 |
_aनई दिल्ली _bरीगल पब्लिकेशन्स _c2010 |
||
| 270 |
_aएफ-159, राजौरी गार्डन _bनई दिल्ली _e110027 _k45546396 _mregalbookspub@yahoo.com |
||
| 300 |
_axxviii,461पृ _c22सेमी (सजिल्द) |
||
| 700 |
_924599 _aजीवितेश कुमार सिंह |
||
| 700 |
_aसुशीला कुमारी _925390 |
||
| 942 |
_2ddc _cHN _mअम्बेड _h820.0355 |
||
| 999 |
_c49950 _d49950 |
||